La búsqueda de significado: la logoterapia aplicada a la vida
Saved in:
| Main Author: | |
|---|---|
| Format: | Book |
| Language: | Spanish |
| Published: |
Ciudad de México
Fondo de Cultura Económica
1998
|
| Series: | Biblioteca de Psicología, Psiquiatría y Psicoanálisis
|
| Subjects: | |
| Tags: |
Add Tag
No Tags, Be the first to tag this record!
|
MARC
| LEADER | 00000nam a2200000 a 4500 | ||
|---|---|---|---|
| 001 | UCJ2271 | ||
| 003 | CL-VaPUC | ||
| 008 | 061201e19980000MX |||||||||||||||||spa|d | ||
| 020 | |a 9681656830 | ||
| 082 | 0 | 4 | |a 616.8914 |b FAB |2 21 |
| 100 | 0 | |a Fabry, Joseph B |e author |9 503246 | |
| 245 | 1 | 3 | |a La búsqueda de significado: la logoterapia aplicada a la vida |
| 300 | |a 271 p | ||
| 942 | |c BK | ||
| 945 | |d 20061201 00:00:00 |a jtorresc | ||
| 260 | |a Ciudad de México |b Fondo de Cultura Económica |c 1998 | ||
| 650 | 0 | |a Logoterapia |9 307575 | |
| 650 | 7 | |a PSICOLOGIA HUMANISTICA |2 CL-VaPUC |9 307721 | |
| 650 | 7 | |a PSICOTERAPIA |2 CL-VaPUC |9 503247 | |
| 583 | |a last modification |c 20061201 00:00:00 |k Rodrigo Vera | ||
| 490 | 0 | |a Biblioteca de Psicología, Psiquiatría y Psicoanálisis | |
| 999 | |c 318621 |d 318619 | ||
| 952 | |0 0 |1 0 |4 0 |6 616_891400000000000_FAB_1998 |7 0 |8 A |9 396562 |a BIBEDU |b BIBEDU |d 2019-11-22 |i 4304039 |o 616.8914 FAB 1998 |p 4304039 |r 2019-11-22 |w 2019-11-22 |y BK |k EPE | ||